Logo BPK

Biblioteka

Politechniki Koszalińskiej

Badania własności tribologicznych siarczkowych warstw otrzymanych metodą natapiania elektrycznego / (Rekord nr 19591)

Szczegóły MARC
000 -ETYKIETA REKORDU
podpole kontrolne o stałej długości 00441nam a2200145 i 4500
001 - NUMER KONTROLNY REKORDU
pole kontrolne bg
040 ## - ŹRÓDŁO KATALOGOWANIA
Instytucja, która utworzyła rekord BPK
041 ## - KOD JĘZYKA
Kod języka tekstu pol
080 ## - UNIWERSALNA KLASYFIKACJA DZIESIĘTNA - UKD
UKD 621.82/.85:669.017/.018:531.4:621.791/.795
008 - POLE O STAŁEJ DŁUGOŚCI - DANE KONTROLNE
podpole kontrolne o stałej długości s pl f |000 0 pol
100 1# - NAZWA OSOBOWA
Nazwa osobowa BRYK, Cezariusz
245 #0 - TYTUŁ/ODPOWIEDZIALNOŚĆ
Tytuł Badania własności tribologicznych siarczkowych warstw otrzymanych metodą natapiania elektrycznego /
Pozostałe elementy strefy tytułu i oznaczenia odpowiedzialności Cezariusz Bryk.
260 ## - STREFA ADRESU WYDAWNICZEGO
Miejsce wydania Kraków,
Data publikacji, dystrybucji/powstania dokumentu 1979.
856 ## - LOKALIZACJA I DOSTĘP DO ELEKTRONICZNYCH DOKUMENTÓW ZDALNYCH
Link (URL) http://koha.tu.koszalin.pl/cgi-bin/koha/opac-detail.pl?biblionumber=19591
Tekst linku Katalog online BPK
942 ## - DODATKOWE ELEMENTY (KOHA)
Typ dokumentu Książka
Egzemplarze
Wycofany Status egzemplarza Uszkodzony Dostępność Lokalizacja stała Lokalizacja bieżąca Miejsce przechowywania Sygnatura Kod kreskowy Typ dokumentu
      Dostępny Biblioteka Politechniki Koszalińskiej Biblioteka Politechniki Koszalińskiej Wypożyczalnia BG 27606 01655896 Książka
© 2023 Biblioteka Politechniki Koszalińskiej :: KOHA